Дело о предоставлении права назначать Усть-Сысольскому уездному земскому собранию одного из земских гласных в члены педагогическ...

RUSMARC
00004966cbc2a2200241#x 450
0012a80ba9d-426e-4a55-b183-f8e045eb946f
00520240621120455.0
100##$a20210608l18931893k l0rusy0189 ca
1010#$arus
102##$aRU
105##$ay###
1222#$ad18930621##
$ad18930704##
2001#$aДело о предоставлении права назначать Усть-Сысольскому уездному земскому собранию одного из земских гласных в члены педагогического совета местной женской прогимназии
$j21 июня - 4 июля 1893 г.
215##$a7 листов
$d36,5х26 см
251##$cДело
300##$aРукописный текст. Чернила
371##$aДокумент не является опубликованным и широко распространяемым
461#0$1001a74412a3-3cc5-4d21-8f0a-dfe2fbd9e72d
$12001
$aДепартамент народного просвещения Министерства народного просвещения
$1251
$cФонд
$1852
$j733
462#0$1001f43cabbb-29a3-44f1-91b2-268fede89717
$12001
$aДела Департамента народного просвещения разряда женских и частных учебных заведений
$vД. 1422
$1251
$cОпись
$1852
$j191
801#0$aRU
$bРГИА
$c20210608
801#1$aRU
$bГлавНИВЦ
$c20210608
$2rusmarc
801#2$aRU
$bПБ им. Б.Н. Ельцина
$c20211001
$gRCR
$2rusmarc
850##$aФедеральное казенное учреждение "Российский государственный исторический архив"
852##$aРГИА
$j1422
937##$hРГИА
$d12363442
$aASBIBLIO_SCAN
035##$aRusGRCC00028666
856##$uhttp://readingroom.main.prlib.ru/item.aspx?id_node=n168434849&mode=full
605##$2acquisition_Prlib
$3DITM\AF\0000002775
$aВласть
$lколлекция
605##$2acquisition_Prlib
$3LIBNET\UAF\0000107109
$aИстория образования в России
$lколлекция
605##$2acquisition_Prlib
$3LIBNET\UAF\0000019656
$aРеспублика Коми: страницы истории
$lколлекция
6061#$2nlr_sh
$3RU\NLR\AUTH\661583887
$aОбразование
$jАрхивные дела
$xИстория
$yВологодская область
686##$2rubbk
$a74.03(28-8Вол)5ю1
$vLBC/M
Формат отображения